|
|
|
|
| LEADER |
01897cam a2200421 a 4500 |
| 001 |
c000223681 |
| 003 |
CARM |
| 005 |
20060925130443.0 |
| 008 |
830303m19799999enka 000 0 eng d |
| 019 |
1 |
|
|a 2411301
|z 40710233
|z 27523694
|z 54051089
|z 57418646
|5 LACONCORD2021
|
| 020 |
|
|
|a 0853342539 (v. 3)
|
| 020 |
|
|
|a 0853343764 (v. 4)
|
| 020 |
|
|
|a 0853341125 (v. 2)
|
| 035 |
|
|
|a (OCoLC)7904753
|5 LACONCORD2021
|
| 040 |
|
|
|a WU
|b eng
|c WU
|
| 082 |
0 |
4 |
|a 515.353
|2 19
|
| 082 |
0 |
4 |
|a 620.00151535
|2 19
|
| 245 |
0 |
0 |
|a Developments in boundary element methods /
|c edited by P.K. Banerjee and R. Butterfield.
|
| 260 |
|
|
|a London :
|b Applied Science Publishers,
|c 1979-<1986>.
|
| 300 |
|
|
|a v. <1-4> :
|b ill. ;
|c 23 cm.
|
| 440 |
|
0 |
|a Developments series
|
| 500 |
|
|
|a Vol. 2 edited by Banerjee and R.P. Shaw.
|
| 500 |
|
|
|a Vol. 3 edited by P.K. Banerjee and S. Mukherjee.
|
| 500 |
|
|
|a Vol. 4 edited by P.K. Banerjee and J.O. Watson.
|
| 650 |
|
0 |
|a Boundary value problems
|x Numerical solutions.
|
| 700 |
1 |
|
|a Banerjee, P. K.
|q (Prasanta Kumar),
|d 1941-
|
| 700 |
1 |
|
|a Butterfield, R.
|q (Roy)
|
| 700 |
1 |
|
|a Shaw, R. P.
|
| 700 |
1 |
|
|a Watson, J. O.
|
| 852 |
8 |
|
|b CARM
|h A2:AO12A0
|i B06601
|p 0313926
|f BK
|
| 852 |
8 |
|
|b CARM
|h A2:AO12A0
|i B06601
|p 0313924
|f BK
|
| 852 |
8 |
|
|b CARM
|h A2:AP01A0
|i B06613
|p 0315168
|f BK
|
| 852 |
8 |
|
|b CARM
|h A2:AP05A0
|i B06615
|p 0315169
|f BK
|
| 999 |
f |
f |
|i 30b94a68-6054-5861-9af2-8c18d9a35c83
|s e47208ea-3633-59f6-9a47-adfa3d191168
|
| 952 |
f |
f |
|p Can circulate
|a CAVAL
|b CAVAL
|c CAVAL
|d CARM 1 Store
|e B06615
|f A2:AP05A0
|h Other scheme
|i book
|j V. 2
|m 0315169
|
| 952 |
f |
f |
|p Can circulate
|a CAVAL
|b CAVAL
|c CAVAL
|d CARM 1 Store
|e B06601
|f A2:AO12A0
|h Other scheme
|i book
|j V. 4
|m 0313926
|
| 952 |
f |
f |
|p Can circulate
|a CAVAL
|b CAVAL
|c CAVAL
|d CARM 1 Store
|e B06613
|f A2:AP01A0
|h Other scheme
|i book
|j V. 1
|m 0315168
|
| 952 |
f |
f |
|p Can circulate
|a CAVAL
|b CAVAL
|c CAVAL
|d CARM 1 Store
|e B06601
|f A2:AO12A0
|h Other scheme
|i book
|j V. 3
|m 0313924
|